Discrecionalidad administrativa: doctrina y jurisprudencia
Saved in:
| Hovedforfatter: | |
|---|---|
| Format: | Bog |
| Sprog: | spansk |
| Udgivet: |
Santiago
Legal Publishing
2011
|
| Udgivelse: | 1a. ed |
| Fag: | |
| Tags: |
Tilføj Tag
Ingen Tags, Vær først til at tagge denne postø!
|
MARC
| LEADER | 00000cam a2200000 a 4500 | ||
|---|---|---|---|
| 001 | UCG6745 | ||
| 003 | CL-VaPUC | ||
| 008 | 110520e20110400CL |||||||||||||||||spa|d | ||
| 020 | |a 9789569884 | ||
| 082 | 0 | 4 | |a 342.06 |b SAA |2 21 |
| 100 | 0 | |a Saavedra Fernández, Rubén |e author |9 557101 | |
| 245 | 1 | 0 | |a Discrecionalidad administrativa: doctrina y jurisprudencia |
| 250 | |a 1a. ed | ||
| 300 | |a 249 p | ||
| 942 | |c BK | ||
| 945 | |d 20110520 00:00:00 |a dcastane | ||
| 260 | |a Santiago |b Legal Publishing |c 2011 | ||
| 650 | 0 | |a Derecho administrativo |9 254851 | |
| 650 | 0 | |a Probidad administrativa |9 383889 | |
| 650 | 0 | |a Jurisprudencia |9 255952 | |
| 583 | |a last modification |c 20170406 12:46:59 |k Rodrigo Vera | ||
| 999 | |c 344889 |d 344887 | ||
| 952 | |0 0 |1 0 |4 0 |6 342_060000000000000_SAA_2011 |7 0 |8 A |9 443235 |a BIBDER |b BIBDER |d 2019-11-22 |i 4777972 |l 2 |o 342.06 SAA 2011 |p 4777972 |r 2024-11-08 |s 2024-11-04 |w 2019-11-22 |y BK |k DER | ||
| 952 | |0 0 |1 0 |4 0 |6 342_060000000000000_SAA_2011 |7 0 |8 A |9 443236 |a BIBDER |b BIBDER |d 2019-11-22 |i 4816277 |l 2 |m 1 |o 342.06 SAA 2011 |p 4816277 |r 2024-09-30 |s 2024-09-16 |w 2019-11-22 |y BK |k DER | ||